000 00882nas a2200277 4500
001 BR2013005570
003 BR-BrBNA
005 20231205122642.0
007 ta
008 230509b bl.|||p| |||| 00| 00por d
040 _aBR-BrBNA
_bpor
_cBiblioteca Nacional de Agricultura
041 _a(En)
072 _aP33
100 1 _aMarchi, G.
100 1 _aGuilherme, L.R.G.
100 1 _aChang, A.C.
245 1 _aPlant availability of trace elements in sewage sludge-treated soils: Methodology
650 _aANÁLISE DO SOLO
650 _aQUÍMICA
650 _aRIZOSFERA
650 _aÁCIDO ORGÂNICO
773 0 _tRevista Brasileira de Ciência do Solo (Brazil)
_xISSN 0100-0683
_g(Jul-Aug 2011), v. 35(4) p. 1453-1460
_wBR2013005570
856 4 0 _uhttp://www.scielo.br/pdf/rbcs/v35n4/a39v35n4.pdf
909 _a202311
_bLúcia
_c55
_dLúcia Elande
942 _2AGRIS
_n0
_cANA
999 _c229802
_d229802